000 00794nam a2200241 4500
003 OSt
005 20240709032112.0
006 a
008 240709b |||||||| |||| 00| 0 eng d
020 _a0471689653
040 _aDWCL-Main lib.
_cOC
082 _2Third edition
_aCirc. 696 B812b 2006
100 _aBradshaw, Vaughn
245 _aThe building environment ; active and passive control systems /
250 _aThird edition
260 _aN. J. :
_bJohn Wiley & Sons, Inc.,
_cc2006.
300 _axv,
_b575 p. : ill. ;
_c29 cm.
504 _aIncludes bibliographical references and index.
650 _a1. Intelligent buildings.
650 _a2. Buildings-electric equipment.
650 _a3. Buildings-Mechanical equipment.
942 _2ddc
_n0
_cBK-CIRC
_eThird edition
_kCirc.
999 _c2139
_d2139